00600cam a2200133 4500001001100000008004100011035001500052050002000067245030500087260002900392300001700421500001500438650001300453BIIH004955 1963 spa  aBIIH004955 4aKD419bT48 1963 0aTestimonio de la escritura numero 36,940 compra venta la Compañia Mexicana de Luz y Fuerza Motriz, Sociedad Anonima (The Mexican Light and Power Company, Limited), L.M. Guibara, Sucesores, Sociedad en Comandita y la Compañia Mexicana Hidroelectrica y de Terrenos, Sociedad Anonima, en favor de l- aMéxico :b[s.n],c1963 aV. ;c23 cm. a1 ejemplar 4aNotarios